Estadísticas para Las Siete Virtudes

Haz click aquí para intentar la prueba.

Estadísticas generales

  • Esta prueba ha sido intentada 619 veces
  • La puntuación promedio es 3 de 7

Estadísticas de respuestas

PecadoVirtud% Correcto
OrgulloHumildad
75%
CodiciaGenerosidad
55%
IraPaciencia
51%
LujuriaCastidad
48%
GlotoneríaTemplanza
45%
EnvidiaCaridad
34%
PerezaDiligencia
29%

Distribución de puntuación

Porcentaje por número respondido

Porcentaje de gente con cada puntuación

Historial de tus puntuaciones

No has intentado esta prueba.